[Event "Young Stars 2"]
[Site "Montreal CAN"]
[Date "2017.12.10"]
[Round "4.8"]
[White "Craciun, David"]
[Black "Pomerantz, Daniel"]
[Result "0-1"]
[WhiteElo "1680"]
[BlackElo "1905"]
[WhiteFideId "-1"]
[WhiteFideId "-1"]
[PlyCount "70"]
[GameId "2160767908292194"]
[EventDate "2017.12.09"]
[EventType "swiss"]
[EventRounds "8"]
[EventCountry "CAN"]
[SourceTitle "hb 2017"]

1. d4 Nf6 2. Bf4 e6 3. Nf3 b6 4. e3 c5 5. c4 cxd4 6. exd4 Bb7 7. Nc3 Bb4 8. a3 Bxc3+ 9. bxc3 d6 10. Bd3 O-O 11. Qe2 Re8 12. O-O Qc7 13. Rfe1 Nbd7 14. Bg3 Nf8 15. Nd2 Ng6 16. f4 Rad8 17. h3 Qc6 18. Nf3 Nh5 19. Qf2 Nhxf4 20. Be4 d5 21. Bxf4 dxe4 22. Ne5 Nxe5 23. Bxe5 f6 24. Bf4 Qxc4 25. Re3 Qd5 26. Rc1 e5 27. Bh6 exd4 28. Rg3 Rd7 29. Qxf6 Qe5 30. Rxg7+ Rxg7 31. Bxg7 Qxf6 32. Bxf6 d3 33. Kf2 e3+ 34. Ke1 d2+ 35. Ke2 Ba6+ 0-1

[Event "Young Stars 2"]
[Site "Montreal CAN"]
[Date "2017.12.10"]
[Round "4.9"]
[White "Liu, Kevin1"]
[Black "Jacquet, Stephane"]
[Result "1/2-1/2"]
[WhiteElo "1456"]
[BlackElo "1951"]
[WhiteFideId "-1"]
[WhiteFideId "-1"]
[PlyCount "85"]
[GameId "2160767908292195"]
[EventDate "2017.12.09"]
[EventType "swiss"]
[EventRounds "8"]
[EventCountry "CAN"]
[SourceTitle "EXT 2022"]
[Source "ChessBase"]
[SourceDate "2021.10.06"]
[SourceVersion "1"]
[SourceVersionDate "2021.10.06"]
[SourceQuality "1"]

1. e4 d6 2. d4 Nf6 3. Nc3 g6 4. Nf3 Bg7 5. Bc4 O-O 6. O-O Nxe4 7. Nxe4 d5 8. Bd3 dxe4 9. Bxe4 c6 10. Be3 Nd7 11. c4 Nf6 12. Bc2 Bg4 13. h3 Be6 14. Bb3 Qc7 15. Qe2 a5 16. a4 h6 17. Rac1 Rad8 18. Rfd1 Nh5 19. Rd2 Nf4 20. Qf1 g5 21. d5 Bc8 22. Bd4 g4 23. hxg4 Bxg4 24. Bxg7 Bxf3 25. Bxf8 Bxg2 26. Qd1 Rxf8 27. Rc3 Kh8 28. Rg3 Be4 29. Rd4 cxd5 30. cxd5 f5 31. d6 Qd7 32. dxe7 Qxe7 33. Rd7 Ne2+ 34. Qxe2 Qxd7 35. Qh5 Qc6 36. Rg6 Qc1+ 37. Bd1 Rg8 38. Rxg8+ Kxg8 39. Qe8+ Kg7 40. Qe7+ Kg6 41. Qe6+ Kg5 42. Qe7+ Kf4 43. Qd6+ 1/2-1/2

[Event "Young Stars 2"]
[Site "Montreal CAN"]
[Date "2017.12.10"]
[Round "4.10"]
[White "Chapdelaine, Gwyn"]
[Black "Saine, Zachary"]
[Result "0-1"]
[WhiteElo "1285"]
[BlackElo "1854"]
[WhiteFideId "-1"]
[WhiteFideId "-1"]
[PlyCount "48"]
[GameId "2160767908292196"]
[EventDate "2017.12.09"]
[EventType "swiss"]
[EventRounds "8"]
[EventCountry "CAN"]
[SourceTitle "hb 2017"]

1. e4 e5 2. Nf3 Nc6 3. Bc4 Nf6 4. Nc3 Be7 5. O-O d6 6. h3 a6 7. a3 O-O 8. d3 h6 9. Be3 Kh7 10. Re1 Be6 11. Nd5 g5 12. Qd2 Nh5 13. Qe2 Nf4 14. Bxf4 gxf4 15. Nh2 Rg8 16. Qh5 Rg5 17. Qf3 Nd4 18. Qd1 Bxh3 19. g4 fxg3 20. Nf3 gxf2+ 21. Kxf2 Rg2+ 22. Kf1 Re2+ 23. Kg1 Nxf3+ 24. Kh1 Bg2# 0-1

[Event "Young Stars 2"]
[Site "Montreal CAN"]
[Date "2017.12.10"]
[Round "4.12"]
[White "Omichi, Kevin"]
[Black "Wang, Rachel Zihan"]
[Result "0-1"]
[WhiteElo "1148"]
[BlackElo "1323"]
[WhiteFideId "-1"]
[WhiteFideId "-1"]
[PlyCount "122"]
[GameId "2160767908292198"]
[EventDate "2017.12.09"]
[EventType "swiss"]
[EventRounds "8"]
[EventCountry "CAN"]
[SourceTitle "EXT 2022"]
[Source "ChessBase"]
[SourceDate "2021.10.06"]
[SourceVersion "1"]
[SourceVersionDate "2021.10.06"]
[SourceQuality "1"]

1. e4 c5 2. Nf3 Nc6 3. d4 cxd4 4. Nxd4 e5 5. Nf3 Nf6 6. Nc3 Bb4 7. Bd3 d5 8. exd5 Nxd5 9. Bd2 Nxc3 10. Bxc3 Bxc3+ 11. bxc3 Bg4 12. Be2 O-O 13. O-O Qa5 14. c4 Rad8 15. Qe1 Qa4 16. Qc1 Bxf3 17. Bxf3 Qxc4 18. Bxc6 Qxc6 19. Rd1 Rxd1+ 20. Qxd1 Rc8 21. Rc1 h6 22. Qe2 f6 23. h3 Qa4 24. c3 Qa3 25. Qd2 Qc5 26. Qe3 Qxe3 27. fxe3 Rc4 28. Kf2 Ra4 29. Rc2 Kf7 30. Ke2 Ke6 31. Kd3 b5 32. g4 Kd5 33. Rb2 e4+ 34. Kd2 a6 35. Kc2 Kc4 36. Kd2 Ra3 37. Rc2 a5 38. h4 g6 39. Kc1 Rxc3 40. Kb2 Rxc2+ 41. Kxc2 b4 42. Kd2 b3 43. axb3+ Kxb3 44. Ke2 a4 45. Kf2 a3 46. Kg3 a2 47. Kf4 a1=Q 48. Kxe4 Qe5+ 49. Kf3 Kc3 50. g5 fxg5 51. hxg5 hxg5 52. e4 Qf4+ 53. Ke2 Qxe4+ 54. Kf2 Qd3 55. Ke1 Qc2 56. Kf1 Qd2 57. Kg1 Qe2 58. Kh1 Kd3 59. Kg1 Ke3 60. Kh1 Kf3 61. Kg1 Qg2# 0-1

[Event "Young Stars 2"]
[Site "Montreal CAN"]
[Date "2017.12.16"]
[Round "5.1"]
[White "Tomb, Maroun"]
[Black "Bassel, Charaf"]
[Result "1/2-1/2"]
[WhiteElo "2177"]
[BlackElo "2073"]
[WhiteFideId "-1"]
[WhiteFideId "-1"]
[PlyCount "104"]
[GameId "2160767908292199"]
[EventDate "2017.12.09"]
[EventType "swiss"]
[EventRounds "8"]
[EventCountry "CAN"]
[SourceTitle "hb 2017"]

1. e4 e5 2. Nf3 Nc6 3. Bb5 a6 4. Ba4 Nf6 5. d4 exd4 6. O-O Be7 7. e5 Ne4 8. Nxd4 O-O 9. Bf4 Nc5 10. Nc3 Nxa4 11. Nxa4 d5 12. exd6 cxd6 13. Re1 d5 14. Qd2 Re8 15. Nxc6 bxc6 16. c4 Be6 17. c5 a5 18. Be5 Ra7 19. Qd4 Bf8 20. Re3 f6 21. Bf4 Bf7 22. Rae1 Rae7 23. Rxe7 Rxe7 24. Rxe7 Qxe7 25. Bd2 Qe2 26. h3 Qd1+ 27. Kh2 Bg6 28. Bc3 Bc2 29. Qxd1 Bxd1 30. b3 Bc2 31. Kg3 Bb1 32. Bxa5 Bxa2 33. b4 Kf7 34. Nc3 Bc4 35. Nb1 g6 36. Bc7 Ke6 37. Nd2 Kd7 38. Bf4 Be2 39. Nb3 Bf1 40. f3 Bd3 41. h4 h6 42. Kf2 g5 43. hxg5 fxg5 44. Be5 Be7 45. g4 Bg6 46. Nd4 h5 47. gxh5 Bxh5 48. Kg3 Bd8 49. b5 cxb5 50. c6+ Kc8 51. Nxb5 Bb6 52. Bf6 Bc7+ 1/2-1/2

[Event "Young Stars 2"]
[Site "Montreal CAN"]
[Date "2017.12.16"]
[Round "5.2"]
[White "Durette, Francis"]
[Black "Gauthier, Denis"]
[Result "1-0"]
[WhiteElo "1990"]
[BlackElo "1833"]
[WhiteFideId "-1"]
[WhiteFideId "-1"]
[PlyCount "61"]
[GameId "2160767908292200"]
[EventDate "2017.12.09"]
[EventType "swiss"]
[EventRounds "8"]
[EventCountry "CAN"]
[SourceTitle "hb 2017"]

1. c4 e5 2. Nc3 Nc6 3. g3 f5 4. Bg2 Nf6 5. e3 d5 6. cxd5 Nb4 7. d3 Nbxd5 8. Nxd5 Nxd5 9. Nf3 Bd6 10. O-O Be6 11. e4 fxe4 12. dxe4 Nf6 13. Nh4 Qd7 14. Be3 O-O 15. Nf5 Bxf5 16. exf5 e4 17. Bxe4 Nxe4 18. Qd5+ Kh8 19. Qxe4 b6 20. g4 Rae8 21. Qg2 Qe7 22. Bd4 Qe2 23. Bc3 Qc4 24. Rac1 Qd3 25. Rcd1 Qc4 26. Rd4 Qe2 27. Rfd1 b5 28. a3 a6 29. h3 h6 30. Qf1 Qe5 31. Rxd6 1-0

[Event "Young Stars 2"]
[Site "Montreal CAN"]
[Date "2017.12.16"]
[Round "5.3"]
[White "Richard, Leo"]
[Black "Zhong, Kevin"]
[Result "0-1"]
[WhiteElo "1634"]
[BlackElo "1912"]
[WhiteFideId "-1"]
[WhiteFideId "-1"]
[PlyCount "84"]
[GameId "2160767908292201"]
[EventDate "2017.12.09"]
[EventType "swiss"]
[EventRounds "8"]
[EventCountry "CAN"]
[SourceTitle "hb 2017"]

1. e4 c5 2. Ne2 Nc6 3. Nbc3 g6 4. g3 Bg7 5. Bg2 d6 6. O-O e6 7. d3 Nge7 8. Be3 Nd4 9. h3 O-O 10. f4 Rb8 11. a4 a6 12. g4 f5 13. g5 b5 14. axb5 axb5 15. Qd2 b4 16. Nd1 Bd7 17. Nxd4 cxd4 18. Bf2 Qc7 19. Rc1 Rfc8 20. Bg3 Ba4 21. Rf2 b3 22. c3 dxc3 23. bxc3 Bd4 24. Ra1 Bxf2+ 25. Bxf2 Bc6 26. Qe2 Kf7 27. Qb2 Ra8 28. Rxa8 Rxa8 29. c4 Ng8 30. exf5 gxf5 31. Qxb3 Bxg2 32. Kxg2 Qc6+ 33. Kg3 h6 34. h4 hxg5 35. hxg5 Kg6 36. Bd4 Rf8 37. Qa2 Rf7 38. Qh2 Rh7 39. Qe2 e5 40. fxe5 Qh1 41. exd6 Qh4+ 42. Kg2 Qxg5+ 0-1

[Event "Young Stars 2"]
[Site "Montreal CAN"]
[Date "2017.12.16"]
[Round "5.4"]
[White "Pomerantz, Daniel"]
[Black "Joanis, Marc-Andre"]
[Result "1/2-1/2"]
[WhiteElo "1905"]
[BlackElo "1797"]
[WhiteFideId "-1"]
[WhiteFideId "-1"]
[PlyCount "84"]
[GameId "2160767908292202"]
[EventDate "2017.12.09"]
[EventType "swiss"]
[EventRounds "8"]
[EventCountry "CAN"]
[SourceTitle "hb 2017"]

1. e4 Nf6 2. e5 Nd5 3. d4 d6 4. Bc4 c6 5. Nf3 Bg4 6. O-O dxe5 7. dxe5 e6 8. h3 Bxf3 9. Qxf3 Nd7 10. Qg3 Qc7 11. Re1 O-O-O 12. Bf1 Rg8 13. c4 Ne7 14. Nc3 Nf5 15. Qf4 g5 16. Qe4 Bb4 17. Be3 Bxc3 18. bxc3 Nxe3 19. Qxe3 Qb6 20. Qf3 Rdf8 21. a4 Qc5 22. Qe4 f5 23. exf6 Rxf6 24. Qd4 Rgf8 25. f3 Rf4 26. Re4 Rxe4 27. fxe4 e5 28. Qxc5 Nxc5 29. a5 a6 30. Re1 Rf4 31. Be2 Rxe4 32. Bg4+ Kc7 33. Rxe4 Nxe4 34. Bf5 Nf6 35. c5 h6 36. Kf2 Nd5 37. c4 Nf6 38. Ke3 h5 39. g4 h4 40. Kf3 Kd8 41. Ke3 Kc7 42. Kf3 Kd8 1/2-1/2

[Event "Young Stars 2"]
[Site "Montreal CAN"]
[Date "2017.12.16"]
[Round "5.5"]
[White "Saine, Zachary"]
[Black "Duplessis, Claude"]
[Result "1-0"]
[WhiteElo "1854"]
[BlackElo "1518"]
[WhiteFideId "-1"]
[WhiteFideId "-1"]
[PlyCount "101"]
[GameId "2160767908292203"]
[EventDate "2017.12.09"]
[EventType "swiss"]
[EventRounds "8"]
[EventCountry "CAN"]
[SourceTitle "hb 2017"]

1. e4 e5 2. Nf3 Nc6 3. Bc4 Bc5 4. c3 Nf6 5. d4 exd4 6. cxd4 Bb4+ 7. Bd2 Nxe4 8. Bxb4 Nxb4 9. Bxf7+ Kxf7 10. Qb3+ d5 11. Ne5+ Ke6 12. Qxb4 a5 13. Qa3 Rf8 14. O-O b5 15. Rc1 c5 16. Qe3 c4 17. f3 Qg5 18. Re1 Qxe3+ 19. Rxe3 Nf6 20. Ng6+ Kf7 21. Nxf8 Kxf8 22. g4 Bd7 23. Nd2 Re8 24. Rae1 Rxe3 25. Rxe3 Kf7 26. b3 Kg6 27. Kg2 h5 28. h3 h4 29. f4 Kf7 30. Kf3 g6 31. Ke2 Be6 32. Nf3 Ne4 33. Ng5+ Nxg5 34. fxg5 b4 35. Rf3+ Ke7 36. Rf6 a4 37. bxa4 b3 38. axb3 cxb3 39. Kd2 Bd7 40. Ra6 Kf7 41. Ra7 Ke8 42. Kc3 b2 43. Kxb2 Ke7 44. Rxd7+ Kxd7 45. Kb3 Kc6 46. Kb4 Kb6 47. a5+ Kc6 48. a6 Kb6 49. a7 Kxa7 50. Kc5 Kb8 51. Kxd5 1-0

[Event "Young Stars 2"]
[Site "Montreal CAN"]
[Date "2017.12.16"]
[Round "5.6"]
[White "Steinberg, Ellis"]
[Black "Liu, Kevin1"]
[Result "1-0"]
[WhiteElo "1674"]
[BlackElo "1456"]
[WhiteFideId "-1"]
[WhiteFideId "-1"]
[PlyCount "97"]
[GameId "2160767908292204"]
[EventDate "2017.12.09"]
[EventType "swiss"]
[EventRounds "8"]
[EventCountry "CAN"]
[SourceTitle "EXT 2022"]
[Source "ChessBase"]
[SourceDate "2021.10.06"]
[SourceVersion "1"]
[SourceVersionDate "2021.10.06"]
[SourceQuality "1"]

1. e4 c5 2. Nf3 Nc6 3. d4 cxd4 4. Nxd4 g6 5. c4 Bg7 6. Be3 Nf6 7. Nc3 O-O 8. Be2 d6 9. f3 Bd7 10. Qd2 h5 11. O-O Nxd4 12. Bxd4 Bc6 13. Rac1 Nd7 14. Rfd1 Nc5 15. Nd5 Bxd5 16. cxd5 a5 17. Kh1 Rc8 18. Rc2 b6 19. Bb5 Kh7 20. Bxg7 Kxg7 21. Rdc1 Ra8 22. Rc4 a4 23. Bxa4 Nxa4 24. Qd4+ Kh7 25. Rxa4 Rc8 26. Rxc8 Qxc8 27. Rc4 Qa6 28. a3 Qb5 29. Qc3 Rc8 30. b3 Rxc4 31. Qxc4 Qa5 32. Qc1 e6 33. dxe6 fxe6 34. Kg1 Kg7 35. b4 Qa7 36. Kf2 b5+ 37. Qe3 Qa6 38. Ke2 Qc6 39. Kd2 Kf6 40. Qc3+ Qxc3+ 41. Kxc3 Ke5 42. a4 bxa4 43. b5 d5 44. exd5 exd5 45. Kb4 Kd6 46. Kxa4 Kc7 47. Kb4 Kb6 48. g4 h4 49. f4 1-0

[Event "Young Stars 2"]
[Site "Montreal CAN"]
[Date "2017.12.16"]
[Round "5.7"]
[White "Guipi Bopala, Prince Eric jr"]
[Black "Yan, Alex Jikai"]
[Result "1-0"]
[WhiteElo "1606"]
[BlackElo "1440"]
[WhiteFideId "-1"]
[WhiteFideId "-1"]
[PlyCount "93"]
[GameId "2160767908292205"]
[EventDate "2017.12.09"]
[EventType "swiss"]
[EventRounds "8"]
[EventCountry "CAN"]
[SourceTitle "hb 2017"]

1. d4 d5 2. Nf3 Nf6 3. e3 e6 4. Bd3 c5 5. b3 Nc6 6. Bb2 Be7 7. O-O O-O 8. a3 cxd4 9. exd4 Re8 10. Nbd2 Bd6 11. Ne5 Qc7 12. f4 Qb6 13. Ndf3 h6 14. Rf2 Nd7 15. g4 Ndxe5 16. fxe5 Be7 17. Rg2 f6 18. Kh1 fxe5 19. dxe5 Rf8 20. g5 Qe3 21. Rg3 hxg5 22. Nxg5 Qf4 23. Qh5 Bxg5 24. Qh7+ Kf7 25. Rf1 Qxf1+ 26. Bxf1 Bh6 27. Rf3+ Ke7 28. Rxf8 Kxf8 29. Bd3 Ke7 30. Qg8 b6 31. Bg6 Bb7 32. Qf7+ Kd8 33. Qxb7 Rc8 34. Qf7 a6 35. Qxe6 Kc7 36. Be8 Kb7 37. Qxd5 Rc7 38. e6 Bf4 39. Bxc6+ Rxc6 40. e7 Kc7 41. Be5+ Bxe5 42. Qxe5+ Kb7 43. e8=Q Rc7 44. Qd8 Rc8 45. Qd7+ Rc7 46. Qexc7+ Ka8 47. Qdc8# 1-0

[Event "Young Stars 2"]
[Site "Montreal CAN"]
[Date "2017.12.16"]
[Round "5.9"]
[White "Wang, Isabelle"]
[Black "Leger, Manon"]
[Result "0-1"]
[WhiteElo "1356"]
[BlackElo "1946"]
[WhiteFideId "-1"]
[WhiteFideId "-1"]
[PlyCount "102"]
[GameId "2160767908292206"]
[EventDate "2017.12.09"]
[EventType "swiss"]
[EventRounds "8"]
[EventCountry "CAN"]
[SourceTitle "hb 2017"]

1. e4 c6 2. d4 d5 3. exd5 cxd5 4. Bd3 Nf6 5. Bf4 Nc6 6. c3 Bg4 7. Qb3 Qd7 8. Nd2 e6 9. Ngf3 Bxf3 10. Nxf3 a6 11. a4 Be7 12. O-O O-O 13. Rfe1 Nh5 14. Bd2 Bd6 15. Qd1 g6 16. c4 dxc4 17. Bxc4 Rac8 18. b3 Ng7 19. Bh6 Rfd8 20. d5 exd5 21. Qxd5 Bxh2+ 22. Nxh2 Qxd5 23. Bxd5 Rxd5 24. Ng4 Rd3 25. Re3 Rxe3 26. Nxe3 f5 27. Rc1 Rd8 28. Rd1 Rxd1+ 29. Nxd1 Ne6 30. Bd2 a5 31. Nb2 Ned4 32. Nc4 Nxb3 33. Bc3 Kf7 34. Kf1 Ke6 35. Ke2 g5 36. Kd3 Nc5+ 37. Kc2 Nxa4 38. Nxa5 Nxc3 39. Nxc6 bxc6 40. Kxc3 Kd5 41. Kd3 c5 42. f3 c4+ 43. Kc3 f4 44. Kd2 Kd4 45. Kc2 h5 46. Kd2 c3+ 47. Kc2 Kc4 48. Kc1 Kd3 49. Kd1 c2+ 50. Kc1 h4 51. Kb2 Kd2 0-1

[Event "Young Stars 2"]
[Site "Montreal CAN"]
[Date "2017.12.16"]
[Round "6.1"]
[White "Durette, Francis"]
[Black "Tomb, Maroun"]
[Result "0-1"]
[WhiteElo "1990"]
[BlackElo "2177"]
[WhiteFideId "-1"]
[WhiteFideId "-1"]
[PlyCount "62"]
[GameId "2160767908292208"]
[EventDate "2017.12.09"]
[EventType "swiss"]
[EventRounds "8"]
[EventCountry "CAN"]
[SourceTitle "hb 2017"]

1. c4 Nf6 2. Nc3 g6 3. g3 Bg7 4. Bg2 O-O 5. e4 c5 6. Nge2 Nc6 7. O-O a6 8. d3 Rb8 9. Be3 d6 10. h3 b5 11. Qd2 bxc4 12. dxc4 Ne5 13. b3 Bxh3 14. f4 Bxg2 15. Kxg2 Neg4 16. Rh1 Qd7 17. Rh4 Qb7 18. Qd3 Nxe3+ 19. Qxe3 Nxe4 20. Kf1 Nxc3 21. Nxc3 e6 22. Rd1 Bd4 23. Qd3 d5 24. Rh2 dxc4 25. bxc4 Bxc3 26. Qxc3 Rfd8 27. Rc1 Rd4 28. Kg1 Rbd8 29. Qc2 Qf3 30. Rg2 Rd1+ 31. Rxd1 Rxd1+ 0-1

[Event "Young Stars 2"]
[Site "Montreal CAN"]
[Date "2017.12.16"]
[Round "6.2"]
[White "Bassel, Charaf"]
[Black "Tanaka, Tyler"]
[Result "1-0"]
[WhiteElo "2073"]
[BlackElo "1993"]
[WhiteFideId "-1"]
[WhiteFideId "-1"]
[PlyCount "149"]
[GameId "2160767908292209"]
[EventDate "2017.12.09"]
[EventType "swiss"]
[EventRounds "8"]
[EventCountry "CAN"]
[SourceTitle "EXT 2022"]
[Source "ChessBase"]
[SourceDate "2021.10.06"]
[SourceVersion "1"]
[SourceVersionDate "2021.10.06"]
[SourceQuality "1"]

1. b3 Nf6 2. Bb2 g6 3. Bxf6 exf6 4. c4 Bg7 5. Nc3 O-O 6. g3 c6 7. Bg2 f5 8. Rc1 d6 9. e3 Nd7 10. Nge2 Nf6 11. O-O Re8 12. d3 Be6 13. Nf4 Qa5 14. Qc2 d5 15. b4 Qxb4 16. cxd5 Nxd5 17. Ncxd5 cxd5 18. Nxd5 Bxd5 19. Bxd5 Rad8 20. Bb3 Qd6 21. d4 Bf6 22. Qc7 Re7 23. Qxd6 Rxd6 24. Rc8+ Kg7 25. Rfc1 a6 26. Ra8 Red7 27. Rb8 Bd8 28. Rcc8 Kf6 29. Bd1 Ke7 30. Bf3 b5 31. Bc6 Rc7 32. d5 Rxc8 33. Rxc8 b4 34. Rb8 a5 35. Rb7+ Kf6 36. f4 Be7 37. g4 Bd8 38. g5+ Kg7 39. Kf2 Kf8 40. e4 fxe4 41. Ke3 Kg8 42. Kxe4 f6 43. h4 h6 44. gxh6 Kh8 45. Rg7 a4 46. f5 g5 47. h5 b3 48. axb3 axb3 49. Rb7 Ba5 50. Rxb3 Kh7 51. Be8 Kxh6 52. Bg6 Rd7 53. Rb8 Bd8 54. Ra8 Kg7 55. Ra6 Be7 56. Re6 Bd8 57. d6 Ra7 58. Re8 Bb6 59. Re7+ Kf8 60. Rxa7 Bxa7 61. h6 Kg8 62. d7 Bb6 63. Kd5 Ba5 64. Ke6 g4 65. Kxf6 g3 66. Bf7+ Kh7 67. Bd5 Kxh6 68. Ke7 Kg5 69. f6 Kg6 70. Be4+ Kg5 71. f7 g2 72. Bxg2 Kg6 73. Be4+ Kg5 74. f8=Q Bb4+ 75. Ke8 1-0

[Event "Young Stars 2"]
[Site "Montreal CAN"]
[Date "2017.12.16"]
[Round "6.3"]
[White "Zhong, Kevin"]
[Black "Saine, Zachary"]
[Result "1-0"]
[WhiteElo "1912"]
[BlackElo "1854"]
[WhiteFideId "-1"]
[WhiteFideId "-1"]
[PlyCount "71"]
[GameId "2160767908292210"]
[EventDate "2017.12.09"]
[EventType "swiss"]
[EventRounds "8"]
[EventCountry "CAN"]
[SourceTitle "hb 2017"]

1. e4 e5 2. Nf3 Nc6 3. Bc4 Nf6 4. d3 Be7 5. O-O d6 6. a4 Be6 7. Nbd2 Qd7 8. c3 O-O-O 9. b4 Rdg8 10. a5 g5 11. b5 Nb8 12. b6 cxb6 13. a6 g4 14. axb7+ Kxb7 15. Ne1 h5 16. Qb3 h4 17. Qa3 Ka8 18. Bxe6 fxe6 19. Nc4 Qc7 20. Be3 Nbd7 21. Qa6 Rb8 22. Nc2 d5 23. N4a3 Qb7 24. Qa4 Nc5 25. Bxc5 Bxc5 26. Nb5 Rh7 27. Nxa7 Qd7 28. Qa6 Qxa7 29. Qb5 Rc7 30. Rxa7+ Kxa7 31. Nb4 Bxb4 32. Qxb4 dxe4 33. Qd6 Rbc8 34. Qxe5 Nd5 35. Qxe4 Rxc3 36. Qa4+ 1-0

[Event "Young Stars 2"]
[Site "Montreal CAN"]
[Date "2017.12.16"]
[Round "6.4"]
[White "Gauthier, Denis"]
[Black "Steinberg, Ellis"]
[Result "1/2-1/2"]
[WhiteElo "1833"]
[BlackElo "1674"]
[WhiteFideId "-1"]
[WhiteFideId "-1"]
[PlyCount "100"]
[GameId "2160767908292211"]
[EventDate "2017.12.09"]
[EventType "swiss"]
[EventRounds "8"]
[EventCountry "CAN"]
[SourceTitle "hb 2017"]

1. d4 Nf6 2. c4 g6 3. Nc3 Bg7 4. Nf3 O-O 5. Bf4 d6 6. h3 c5 7. d5 Bf5 8. e3 Ne4 9. Nxe4 Bxe4 10. Bd3 Qa5+ 11. Qd2 Qxd2+ 12. Kxd2 Bxd3 13. Kxd3 a6 14. Rab1 b5 15. b3 Nd7 16. e4 b4 17. Rhe1 Bc3 18. Re2 f6 19. a4 Ne5+ 20. Nxe5 fxe5 21. Bh6 Rf7 22. Rf1 Bd4 23. f3 Re8 24. h4 Kh8 25. Rh1 Rg8 26. Rh3 Bc3 27. Rf2 Bd4 28. Rf1 Bc3 29. Rfh1 Bd4 30. Ke2 Bc3 31. Rg3 Bd4 32. Rg4 Rf6 33. Rh3 Rf7 34. Rhg3 Bg1 35. Rh3 e6 36. dxe6 Re7 37. h5 Rxe6 38. hxg6 Rexg6 39. Rhg3 Rxg4 40. Rxg4 Rxg4 41. fxg4 Kg8 42. Kf3 Kf7 43. g5 Bd4 44. Kg4 Bc3 45. Kf5 Bd2 46. Kg4 Bc3 47. Kh4 Bd4 48. Kh5 Bc3 49. Kg4 Bd4 50. Kf5 Be3 1/2-1/2

[Event "Young Stars 2"]
[Site "Montreal CAN"]
[Date "2017.12.16"]
[Round "6.5"]
[White "Joanis, Marc-Andre"]
[Black "Guipi Bopala, Prince Eric jr"]
[Result "1/2-1/2"]
[WhiteElo "1797"]
[BlackElo "1606"]
[WhiteFideId "-1"]
[WhiteFideId "-1"]
[PlyCount "52"]
[GameId "2160767908292212"]
[EventDate "2017.12.09"]
[EventType "swiss"]
[EventRounds "8"]
[EventCountry "CAN"]
[SourceTitle "hb 2017"]

1. Nf3 f5 2. g3 e6 3. Bg2 Nf6 4. O-O d5 5. c4 c6 6. d3 Be7 7. b3 O-O 8. Bb2 Bd7 9. Nbd2 Be8 10. Qc2 Nbd7 11. Rae1 h6 12. Ne5 Nxe5 13. Bxe5 Bg6 14. Nf3 Bd6 15. Qb2 Qe7 16. Bxd6 Qxd6 17. Ne5 Bh7 18. f4 Nd7 19. Nxd7 Qxd7 20. Qe5 Rad8 21. e3 Qd6 22. Qxd6 Rxd6 23. Rd1 Rfd8 24. c5 R6d7 25. d4 b6 26. Rc1 b5 1/2-1/2

[Event "Young Stars 2"]
[Site "Montreal CAN"]
[Date "2017.12.16"]
[Round "6.6"]
[White "Richard, Leo"]
[Black "Jacquet, Stephane"]
[Result "1/2-1/2"]
[WhiteElo "1634"]
[BlackElo "1951"]
[WhiteFideId "-1"]
[WhiteFideId "-1"]
[PlyCount "94"]
[GameId "2160767908292213"]
[EventDate "2017.12.09"]
[EventType "swiss"]
[EventRounds "8"]
[EventCountry "CAN"]
[SourceTitle "hb 2017"]

1. c4 Nf6 2. Nc3 e6 3. g3 d5 4. cxd5 exd5 5. d4 Be7 6. Bg2 O-O 7. Nf3 c6 8. O-O Nbd7 9. Rb1 a5 10. Qc2 Re8 11. Bf4 Nf8 12. h3 Ne6 13. Be3 Nd7 14. a3 Bf6 15. b4 Nb6 16. Rfd1 Nc4 17. Bc1 Ng5 18. h4 Nxf3+ 19. Bxf3 axb4 20. axb4 g6 21. e4 dxe4 22. Nxe4 Nd6 23. Nxd6 Qxd6 24. Bf4 Qe7 25. Qb3 Bf5 26. Rbc1 Rad8 27. d5 cxd5 28. Bxd5 Be4 29. Bxe4 Rxd1+ 30. Rxd1 Qxe4 31. Be3 Ra8 32. Bc5 Kg7 33. Kh2 Ra1 34. Rxa1 Bxa1 35. Qe3 Qxe3 36. Bxe3 Kf6 37. Kg2 h5 38. Kf3 Kf5 39. Bc5 Ke5 40. Ke3 Kd5 41. Kd3 Be5 42. Be3 Bd6 43. Bd2 f5 44. f4 b5 45. Bc3 Be7 46. Bd2 Bf6 47. Be3 Be7 1/2-1/2

[Event "Young Stars 2"]
[Site "Montreal CAN"]
[Date "2017.12.16"]
[Round "6.7"]
[White "Leger, Manon"]
[Black "Rasmussen, Nicolas"]
[Result "1-0"]
[WhiteElo "1946"]
[BlackElo "1062"]
[WhiteFideId "-1"]
[WhiteFideId "-1"]
[PlyCount "53"]
[GameId "2160767908292214"]
[EventDate "2017.12.09"]
[EventType "swiss"]
[EventRounds "8"]
[EventCountry "CAN"]
[SourceTitle "hb 2017"]

1. e4 c6 2. d4 d5 3. Nc3 dxe4 4. Nxe4 Bf5 5. Ng3 Bg6 6. Nf3 Nf6 7. Ne5 Be4 8. Nxe4 Nxe4 9. c3 e6 10. Bd3 Nf6 11. Be3 Be7 12. O-O O-O 13. f4 Nbd7 14. Qf3 Nd5 15. Bd2 f5 16. Rae1 Rf6 17. a3 Nxe5 18. fxe5 Rg6 19. c4 Nc7 20. Be3 Rb8 21. Re2 c5 22. d5 Bf8 23. Rd2 exd5 24. Qxf5 d4 25. Qf7+ Kh8 26. Bxg6 hxg6 27. Rf3 1-0

[Event "Young Stars 2"]
[Site "Montreal CAN"]
[Date "2017.12.16"]
[Round "6.8"]
[White "Wang, Rachel Zihan"]
[Black "Omichi, Haruaki"]
[Result "0-1"]
[WhiteElo "1323"]
[BlackElo "1485"]
[WhiteFideId "-1"]
[WhiteFideId "-1"]
[PlyCount "108"]
[GameId "2160767908292215"]
[EventDate "2017.12.09"]
[EventType "swiss"]
[EventRounds "8"]
[EventCountry "CAN"]
[SourceTitle "EXT 2022"]
[Source "ChessBase"]
[SourceDate "2021.10.06"]
[SourceVersion "1"]
[SourceVersionDate "2021.10.06"]
[SourceQuality "1"]

1. e4 c5 2. Nf3 Nc6 3. d4 cxd4 4. Nxd4 g6 5. Nc3 Bg7 6. Be3 Nf6 7. Nxc6 bxc6 8. Bc4 Qa5 9. O-O O-O 10. Qe1 Qc7 11. f4 Ng4 12. Bd2 Qb6+ 13. Kh1 Bd4 14. Nd1 Qc5 15. Bb3 Ba6 16. Rf3 Qb5 17. c4 Qb6 18. Qh4 h5 19. f5 Bf6 20. Bg5 c5 21. Bxf6 Qxf6 22. Qg3 Ne5 23. Rc3 Bb7 24. Nf2 g5 25. h4 g4 26. Re1 e6 27. Bd1 Kh7 28. Nd3 Nxd3 29. Rxd3 Bc6 30. fxe6 fxe6 31. e5 Qf2 32. Re2 Qxg3 33. Rxg3 Rf1+ 34. Kh2 Rxd1 35. Rf2 Kg7 36. Re3 Rd4 37. b3 Re4 38. Rd3 Rxe5 39. Rd1 Rf8 40. Rfd2 Ref5 41. a3 a5 42. Rd3 Rf2 43. Rg3 R8f3 44. Rg1 e5 45. Rxf3 gxf3 46. Kh3 fxg2 47. Kg3 Rf1 48. Kh2 Rxg1 49. Kxg1 Bf3 50. Kf2 e4 51. Kg1 e3 52. Kh2 e2 53. Kg1 e1=Q+ 54. Kh2 g1=Q+ 0-1

[Event "Young Stars 2"]
[Site "Montreal CAN"]
[Date "2017.12.16"]
[Round "6.9"]
[White "Yan, Alex Jikai"]
[Black "Liu, Kevin1"]
[Result "0-1"]
[WhiteElo "1440"]
[BlackElo "1456"]
[WhiteFideId "-1"]
[WhiteFideId "-1"]
[PlyCount "93"]
[GameId "2160767908292216"]
[EventDate "2017.12.09"]
[EventType "swiss"]
[EventRounds "8"]
[EventCountry "CAN"]
[SourceTitle "EXT 2022"]
[Source "ChessBase"]
[SourceDate "2021.10.06"]
[SourceVersion "1"]
[SourceVersionDate "2021.10.06"]
[SourceQuality "1"]

1. e4 c5 2. Nf3 Nc6 3. c3 d5 4. exd5 Qxd5 5. d4 cxd4 6. cxd4 Bg4 7. Be2 e6 8. Nc3 Qd7 9. Be3 Nf6 10. h3 Bh5 11. O-O Bb4 12. a3 Ba5 13. b4 Bb6 14. b5 Bxf3 15. Bxf3 Nxd4 16. Bxd4 Bxd4 17. Bxb7 Qxb7 18. Qxd4 O-O 19. Rfd1 Rac8 20. a4 Qc7 21. Ne4 Nd5 22. Qb2 Qf4 23. Ng3 Rc7 24. Qd2 Qf6 25. Rdc1 Rfc8 26. Rxc7 Qxa1+ 27. Kh2 Rxc7 28. Qg5 Qf6 29. Qd2 h6 30. a5 Qe7 31. Qd4 Rb7 32. Qc4 Qc7 33. Qb3 Qxa5 34. Qc4 Qxb5 35. Qc8+ Kh7 36. Qc2+ g6 37. Qc1 a5 38. Qa1 Qb4 39. Qa2 a4 40. Qa1 a3 41. Qa2 Qb2 42. Qc4 a2 43. Ne4 Qe5+ 44. Ng3 a1=Q 45. Qd3 Rb1 46. f4 Qxf4 47. Qxb1 0-1